Gender, welfare, regimes and agency

Guardat en:
Dades bibliogràfiques
Autor principal: Shaver, Sheila
Format: Text
Publicat: Oxford University Press
Matèries:
Etiquetes: Afegir etiqueta
Sense etiquetes, Sigues el primer a etiquetar aquest registre!

MARC

LEADER 00000 a a2200000 04500
001 32723
003
040
090 |a 203700  
100 |a Shaver, Sheila  
245 |a Gender, welfare, regimes and agency  
260 |a Oxford University Press  
300 |a pp. 203-211  
500 |a Publicado en: Social Politics vol. 9 n.2 Verano 2002  
650 |a GENERO  
650 |a ECONOMIA DEL BIENESTAR  
650 |a TEORIA  
650 |a DESIGUALDAD SOCIAL  
999 |c 16148  |d 16148